| 000 -Đầu biểu |
| Trường điều khiển có độ dài cố định |
00859nam a2200133 4500 |
| 082 ## - Ký hiệu DDC (thập phân Dewey) |
| Ký hiệu phân loại |
398.209597 |
| Ký hiệu tác giả hoặc tên sách |
TH305T |
| 100 ## - Mục từ chính --- Tên riêng |
| Tác giả |
Vũ Quang Dũng |
| 245 ## - Thông tin về nhan đề |
| Nhan đề chính |
Thiên tình sử trong văn học Việt Nam: Truyện thơ: Quyển 2 |
| Thông tin trách nhiệm |
Vũ Quang Dũng biên soạn, giới thiệu |
| 260 ## - Thông tin về xuất bản, phát hành |
| Nơi xuất bản, phát hành |
H |
| Tên nhà xuất bản, phát hành |
Hội nhà văn |
| Ngày tháng xuất bản, phát hành |
2024 |
| 300 ## - Mô tả vật lý |
| Số trang |
479tr. |
| Khổ |
21cm |
| 520 ## - Tóm tắt, v...v... |
| Tóm tắt, v...v... |
Tuyển chọn các ấn phầm, tác phẩm văn h ọc nghệ thuật được nghiên cứu, khảo sát, sưu tầm của các nhà nghiên cứu dân tộc học, nhân học, văn hoá học, sử học,...đã có để tổng hợp, sáng tạo và xây dựng thành hệ thống tư liệu đảm bảo tính tiện ích cho việc tra cứu, nghiên cứu và khẳng định giá trị bền vững. |
| 653 ## - Từ khoá |
| Từ khoá |
Văn học dân gian |
| -- |
Dân tộc Tày |
| -- |
Truyện thơ |
| -- |
Việt Nam |
| 942 ## - Dạng tài liệu (KOHA) |
| Nguồn phân loại |
|
| Dạng tài liệu mặc định (Koha) |
Tài liệu 1 bản |
| 952 ## - Thông tin về Thư viện, Kho, ĐKCB,... của tài liệu (KOHA) |
| -- |
398_209597000000000_TH305T |